4-Letter 'WH' Words Quiz Stats

 Plays Quiz Updated Jul 23, 2018

Score 0/21 Timer 03:00
0 Plays Today
Word % Correct
what
99.1%
when
96.9%
whit
91.8%
whip
91.4%
wham
89.5%
whet
89.4%
whap
88.2%
whim
87.3%
whom
86.6%
whin
82.8%
whey
81.7%
Word % Correct
whir
81.5%
whop
81.2%
whig
79.9%
whew
76%
whiz
75.8%
whid
74.4%
whoa
67.7%
whee
66%
whup
56.1%
whys
39.3%

You're not logged in!

Compare scores with friends on all Sporcle quizzes.
OR
Log In

Sporcle TV

Today on Sporcle TV


Watch our educational content, quiz creation guides, and fun videos on Sporcle TV.

Show Comments

Extras

Top Quizzes Today


Score Distribution

Your Account Isn't Verified!

In order to create a playlist on Sporcle, you need to verify the email address you used during registration. Go to your Sporcle Settings to finish the process.

Report this User

Report this user for behavior that violates our Community Guidelines.

Details: